| 000 | 00737nas a2200265 4500 | ||
|---|---|---|---|
| 001 | BR7302849 | ||
| 003 | BR-BrBNA | ||
| 005 | 20231205082441.0 | ||
| 007 | ta | ||
| 008 | 230509b bl.|||p| |||| 00| 00por d | ||
| 040 |
_aBR-BrBNA _bpor _cBiblioteca Nacional de Agricultura |
||
| 041 | _a(Pt) | ||
| 072 | _aM10; H10 | ||
| 100 | 1 | _aMoraes, S. da | |
| 245 | 1 | _aA piscicultura e o controle biologico nos arrozais | |
| 650 | _aPISCICULTURA | ||
| 650 | _aERVA DANINHA | ||
| 650 | _aPRAGA DE PLANTA | ||
| 650 | _aARROZ | ||
| 650 | _aALGA | ||
| 650 | _aMOLUSCO | ||
| 773 | 0 |
_tLavoura Arrozeira (Brazil) _xISSN 0023-9143 _g(Jul 1976), v. 29(294) p. 17-18 _wBR7302849 |
|
| 909 |
_a202311 _bLúcia _c55 _dLúcia Elande |
||
| 942 |
_2AGRIS _n0 _cANA |
||
| 999 |
_c91918 _d91918 |
||